[Event "Russian Juniors 2012"]
[Site "Sochi RUS"]
[Date "2012.04.21"]
[Round "5"]
[White "Belous,V"]
[Black "Predke,A"]
[Result "1-0"]
[WhiteElo "2524"]
[BlackElo "2461"]

1.Nf3 d5 2.d4 Nf6 3.c4 e6 4.Nc3 Be7 5.Bf4 O-O 6.e3 Nbd7 7.c5 Nh5 8.Be5 f6
9.Bg3 Nxg3 10.hxg3 f5 11.Bd3 g6 12.g4 fxg4 13.Ne5 Nxe5 14.dxe5 d4 15.Qxg4 dxc3
16.O-O-O cxb2+ 17.Kb1 Qe8 18.Rh6 Rf5 19.Rdh1 Qf7 20.Bxf5 exf5 21.Rxh7 Qxh7
22.Qc4+ Qf7 23.Rh8+ Kxh8 24.Qxf7 Bxc5 25.e6 b6 26.Qe8+ Kg7 27.Qc6 Bxe6 28.Qxa8 Bd6
29.Qxa7 Be5 30.f4 Bd6 31.Qa4 Kf7 32.Kxb2 Ke7 33.Qd4 b5 34.g4 b4 35.e4 fxe4
36.Qg7+ Bf7 37.f5 gxf5 38.g5 Ke8 39.g6 Bc4 40.Qh8+ Kd7 41.g7 e3 42.g8=Q Bxg8
43.Qxg8 f4 44.Kb3 Kc6 45.Kc4  1-0

[Event "7th Open d'Angers"]
[Site "Angers FRA"]
[Date "2012.04.22"]
[Round "6"]
[White "Demuth,A"]
[Black "Aumont,A"]
[Result "1-0"]
[WhiteElo "2417"]
[BlackElo "1972"]

1.Nf3 Nf6 2.d4 e6 3.c4 d5 4.Nc3 Be7 5.Bf4 c6 6.e3 O-O 7.c5 Nh5 8.Bd3 Nd7
9.O-O f5 10.Re1 h6 11.h3 Qe8 12.Bh2 g6 13.b4 Bf6 14.Bd6 Be7 15.Bh2 Bf6 16.Bd6 Be7
17.Ne5 Bxd6 18.cxd6 Nhf6 19.Rc1 Nxe5 20.dxe5 Nd7 21.f4 b6 22.Qe2 Bb7 23.Ba6 Rb8
24.Bxb7 Rxb7 25.Kh2 Nb8 26.Qf3 Qd7 27.b5 c5 28.Nxd5 exd5 29.Qxd5+ Kh7 30.e6 Qc8
31.Rcd1 Rg7 32.e4 fxe4 33.Rxe4 Nd7 34.exd7 Qxd7 35.a4 Rf6 36.Qe5 Rf5 37.Qe6 Rff7
38.Qc4 Rf6 39.Qd3 Rgf7 40.Qd2 Kg7 41.Qb2 Kh7 42.Qxf6 Rxf6 43.Re7+ Rf7 44.Rxf7+ Qxf7
45.d7 Qxf4+ 46.Kh1  1-0

[Event "TCh-AUT 1st Bundesliga 2012"]
[Site "Jenbach AUT"]
[Date "2012.04.22"]
[Round "11"]
[White "Socko,B"]
[Black "Kraemer,Mart"]
[Result "1-0"]
[WhiteElo "2636"]
[BlackElo "2492"]

1.d4 d5 2.c4 e6 3.Nc3 Be7 4.Nf3 Nf6 5.Bf4 O-O 6.e3 Nbd7 7.a3 c5 8.cxd5 Nxd5
9.Nxd5 exd5 10.dxc5 Nxc5 11.Be2 Bf6 12.Be5 Bxe5 13.Nxe5 Be6 14.Nf3 Qb6 15.Qd4 Rfc8
16.Rd1 Rc6 17.b4 Ne4 18.Bd3 Qxd4 19.Nxd4 Rc3 20.Bxe4 dxe4 21.Nxe6 fxe6 22.O-O Rxa3
23.Rd7 b6 24.h3 Rd3 25.Rb7 Rdd8 26.Ra1 a5 27.Rxb6 axb4 28.Rxa8 Rxa8 29.Rxb4 Kf7
30.Rxe4 h5 31.Kh2 Ra5 32.Kg3 Kf6 33.Rf4+ Ke7 34.Rb4 Rg5+ 35.Kf3 Kf6 36.g3 Ra5
37.Rf4+ Ke7 38.Kg2 Ra2 39.Rb4 Kf6 40.Rb5 g6 41.Kf3 Rc2 42.Rb1 Ra2 43.Rc1 Ke5
44.h4 Rb2 45.Ra1 Kf6 46.Ra6 Ke5 47.Ra1 Rb4 48.Ra2 Kf5 49.Kg2 Rb3 50.Ra8 Kf6
51.Rf8+ Ke7 52.Rf4 Rb8 53.Kh3 Rb1 54.Kg2 Rb5 55.Kf3 Rb1 56.Rc4 Rb2 57.Rc8 Kf6
58.Rc1 Ke5 59.Re1 Ra2 60.Re2 Ra4 61.Rc2 Kf5 62.Kg2 Ra3 63.Re2 Ke4 64.f3+ Kf5
65.Kf2 Rb3 66.Rc2 Kf6 67.g4 hxg4 68.fxg4 Rb1 69.Kf3 Rf1+ 70.Kg3 Rg1+ 71.Rg2  1-0

[Event "World Amateur Championship"]
[Site "Neos Marmaras GRE"]
[Date "2012.04.22"]
[Round "9"]
[White "Pertaia,E"]
[Black "Ersoz,B"]
[Result "1/2-1/2"]
[WhiteElo "1954"]
[BlackElo "1936"]

1.d4 d5 2.Nf3 Nf6 3.c4 e6 4.Nc3 Be7 5.Bf4 O-O 6.e3 c5 7.dxc5 Bxc5 8.Qc2 Nc6
9.Rd1 Qe7 10.cxd5 Nb4 11.Qb3 Nbxd5 12.Be5 Nxc3 13.bxc3 Nd7 14.Bg3 Nf6 15.Bd3 b6
16.O-O Bb7 17.Bh4 e5 18.Bf5 Rfd8 19.Ng5 Qe8 20.Nxf7 Bd5 21.Rxd5 Rxd5 22.Nh6+ gxh6
23.Bxf6 Qf7 24.Be4 Rad8 25.c4 Rd3 26.Bxd3 Qxf6 27.Qc2 Qg7 28.Be4 Kh8 29.a4 a5
30.Bd5 Rf8 31.Qe4 Qg5 32.h4 Qg7 33.g3 Qf6 34.Kg2 Qg7 35.g4 Qf6 36.f3 Re8
37.Kg3 Be7 38.Kg2 Bc5  1/2-1/2

[Event "Spartak IM 2012"]
[Site "Subotica SRB"]
[Date "2012.04.23"]
[Round "6.3"]
[White "Kumic,F"]
[Black "Somborski,N"]
[Result "1/2-1/2"]
[WhiteElo "2247"]
[BlackElo "2347"]

1.d4 d5 2.Nf3 Nf6 3.c4 e6 4.Nc3 Be7 5.Bf4 O-O 6.e3 b6 7.cxd5 Nxd5 8.Nxd5 Qxd5
9.Bd3 Qa5+ 10.Ke2 Ba6 11.a3 c5 12.b4 Bxd3+ 13.Qxd3 Qa4 14.bxc5 bxc5 15.Rhc1 Nd7
16.Qc4 Qxc4+ 17.Rxc4 Nb6 18.Rc2 cxd4 19.Nxd4 Bf6 20.Bd6 Bxd4 21.exd4 Rfd8
22.Bc5 Nd5 23.Rb1 a6 24.Rb7 h5 25.Kf3 g5 26.h3 Kg7 27.g3 Kg6 28.Re2 Rh8 29.Kg2 h4
30.Bd6 Rhd8 31.Bc5 Rh8 32.Bd6 Rad8 33.Bc5 Rh7 34.Re1 hxg3 35.fxg3 Rdh8 36.Rh1 Ne3+
37.Kf3 Nf5 38.Kg2 Ne3+ 39.Kf3 Nf5  1/2-1/2

[Event "ch-LTU 2012"]
[Site "Vilnius LTU"]
[Date "2012.04.28"]
[Round "8"]
[White "Kveinys,A"]
[Black "Kalvaitis,S"]
[Result "1-0"]
[WhiteElo "2512"]
[BlackElo "2258"]

1.d4 d5 2.Nf3 Nf6 3.c4 e6 4.Nc3 Be7 5.Bf4 O-O 6.e3 Nbd7 7.Be2 dxc4 8.O-O a6
9.a4 c5 10.dxc5 Nxc5 11.Bxc4 Qa5 12.Qe2 Rd8 13.e4 Bd7 14.Rfb1 Qb4 15.Bd2 Be8
16.e5 Rxd2 17.Nxd2 Nfd7 18.a5  1-0

[Event "Asian Continental w 2012"]
[Site "Ho Chi Minh City VIE"]
[Date "2012.05.05"]
[Round "1.17"]
[White "Nakhbayeva,G"]
[Black "Jelsen,Y"]
[Result "1-0"]
[WhiteElo "2309"]
[BlackElo "2007"]

1.d4 Nf6 2.Nf3 d5 3.c4 e6 4.Nc3 Be7 5.Bf4 O-O 6.e3 b6 7.cxd5 exd5 8.Bd3 Bb7
9.h3 Ne4 10.O-O Bd6 11.Ne5 Nd7 12.Nxe4 dxe4 13.Bb5 Bxe5 14.dxe5 Nc5 15.Qc2 Qe7
16.Rfd1 Rad8 17.Bg3 a6 18.Bc4 b5 19.Be2 Bd5 20.Qc3 c6 21.Qa3 Qa7 22.Rac1 Ne6
23.Kh2 a5 24.b4 Ra8 25.Rc2 Qe7 26.Bxb5 axb4 27.Qc1 Rxa2 28.Bxc6 Rxc2 29.Qxc2 b3
30.Qc3 Bxc6 31.Qxc6 Rb8 32.Qxe4 b2 33.f4 Nc5 34.Qc2 Qb7 35.Qc4 b1=R 36.Rd2 Rb3
37.f5 Rc8 38.Qd4 Qb6 39.Qd7 Rf8 40.Bf4 Qb4 41.e6 f6 42.e7 Re8 43.Qe6+ Kh8
44.Qf7  1-0

[Event "Nakhchivan Open 2012"]
[Site "Nakhchivan AZE"]
[Date "2012.05.05"]
[Round "8.7"]
[White "Filippov,An UZB"]
[Black "Guliev,L"]
[Result "1-0"]
[WhiteElo "2637"]
[BlackElo "2409"]

1.d4 Nf6 2.c4 e6 3.Nf3 d5 4.Nc3 Be7 5.Bf4 O-O 6.e3 Nbd7 7.c5 c6 8.Bd3 Nh5
9.Qc2 f5 10.Be5 Nxe5 11.Nxe5 g6 12.O-O-O Qc7 13.g4 Ng7 14.f4 Bf6 15.h4 Bxe5
16.fxe5 fxg4 17.h5 Qe7 18.hxg6 h5 19.Ne2 Qg5 20.Nf4 Bd7 21.Qh2 Be8 22.Qh4 Qh6
23.Qxg4  1-0

[Event "85th ch-St Petersburg"]
[Site "St Petersburg RUS"]
[Date "2012.05.05"]
[Round "1"]
[White "Rozum,I"]
[Black "Levin,Ev"]
[Result "1/2-1/2"]
[WhiteElo "2477"]
[BlackElo "2499"]

1.d4 d5 2.Nf3 Nf6 3.c4 e6 4.Nc3 Be7 5.Bf4 O-O 6.e3 Nbd7 7.c5 Nh5 8.Bd3 Nxf4
9.exf4 b6 10.b4 a5 11.a3 c6 12.Qb1 axb4 13.axb4 Rxa1 14.Qxa1 bxc5 15.bxc5 f6
16.Qb1 Qa5 17.Qc2 Qa1+ 18.Nd1 Qa5+ 19.Nc3 Qa1+ 20.Nd1 Qa5+ 21.Nc3  1/2-1/2

[Event "Nakhchivan Open 2012"]
[Site "Nakhchivan AZE"]
[Date "2012.05.06"]
[Round "9.8"]
[White "Esen,B"]
[Black "Javakhadze,Z"]
[Result "1-0"]
[WhiteElo "2555"]
[BlackElo "2418"]

1.d4 Nf6 2.c4 e6 3.Nf3 d5 4.Nc3 Be7 5.Bf4 c5 6.dxc5 Bxc5 7.e3 Nc6 8.Qc2 O-O
9.Rd1 Qa5 10.a3 Ne4 11.cxd5 exd5 12.Rxd5 Nxc3 13.bxc3 Qxa3 14.Ng5 g6 15.Bc4 Ne7
16.Rd1 Nf5 17.O-O Bd6 18.Qe4 Bxf4 19.Qxf4 Qe7 20.e4 Nh6 21.Qh4 Kg7 22.Ne6+ Qxe6
23.Bxe6 Bxe6 24.f4 Bc4 25.f5 Ng8 26.f6+ Kh8 27.Rfe1 b5 28.e5 Rfe8 29.Qf4 a5
30.Rd4 Ra6 31.Red1 Rae6 32.Rd8 h6 33.Rxe8 Rxe8 34.Qd4 a4 35.Qc5 Ra8 36.Qc6 Rf8
37.Qc5 Ra8 38.Rd7 h5 39.Qc6 Re8 40.Re7 Rd8 41.Re8 Rd1+ 42.Kf2 Rd2+ 43.Ke1 Re2+
44.Kd1 Kh7 45.Rxg8  1-0

[Event "4NCL 2011-12"]
[Site "Hinkley ENG"]
[Date "2012.05.07"]
[Round "11.125"]
[White "Dickenson,N"]
[Black "Hulmes,D"]
[Result "1/2-1/2"]
[WhiteElo "2322"]
[BlackElo "2273"]

1.d4 d5 2.c4 e6 3.Nc3 Be7 4.Nf3 Nf6 5.Bf4 O-O 6.e3 c5 7.dxc5 dxc4 8.Bxc4 Bxc5
9.O-O a6 10.Qxd8 Rxd8 11.Rfd1 Rxd1+ 12.Rxd1 Nbd7 13.a4 Be7 14.e4 Kf8 15.e5 Ne8
16.Bd3 h6 17.h4 Rb8 18.h5 Nc5 19.Be2 Nc7 20.Nd4 Bd7 21.Rc1 Rc8 22.a5 Nd5
23.Nxd5  1/2-1/2

[Event "Asian Continental w 2012"]
[Site "Ho Chi Minh City VIE"]
[Date "2012.05.07"]
[Round "3.4"]
[White "Zhao Xue"]
[Black "Muminova,N"]
[Result "1-0"]
[WhiteElo "2549"]
[BlackElo "2338"]

1.d4 d5 2.c4 e6 3.Nc3 Be7 4.Bf4 Nf6 5.Nf3 O-O 6.e3 Nbd7 7.Be2 c5 8.cxd5 exd5
9.O-O a6 10.a4 Re8 11.Rc1 b6 12.dxc5 Nxc5 13.Nd4 Bb7 14.Bg3 Rc8 15.h3 Ne6
16.Bh4 Bc5 17.Bf3 Nxd4 18.exd4 Be7 19.Qb3 h6 20.Rfd1 g5 21.Bg3 Ne4 22.Bg4 Rc4
23.Nxe4 Rxc1 24.Rxc1 dxe4 25.Rc7 Qd5 26.Qxb6 Ba8 27.Rd7 Qc6 28.a5 e3 29.d5 Qc1+
30.Kh2 Bc5 31.Qf6 Bxd5 32.Rxd5 e2 33.Bh5  1-0

[Event "Asian Continental 2012"]
[Site "Ho Chi Minh City VIE"]
[Date "2012.05.11"]
[Round "7.34"]
[White "Bao Khoa"]
[Black "Pham Chuong"]
[Result "0-1"]
[WhiteElo "2257"]
[BlackElo "2349"]

1.d4 d5 2.c4 e6 3.Nc3 Nf6 4.Nf3 Be7 5.Bf4 O-O 6.e3 c6 7.a3 b6 8.cxd5 Nxd5
9.Nxd5 exd5 10.Rc1 c5 11.Bd3 Nc6 12.dxc5 bxc5 13.O-O c4 14.Bb1 Be6 15.Nd4 Nxd4
16.Qxd4 Bf6 17.Be5 Bxe5 18.Qxe5 Qb8 19.Qd4 Qb6 20.Qxb6 axb6 21.Rfd1 f5 22.f3 b5
23.e4 dxe4 24.fxe4 f4 25.e5 Rfd8 26.Be4 Rab8 27.Bc6 Rxd1+ 28.Rxd1 b4 29.axb4 Rxb4
30.Rd2 g5 31.h3 Rb3 32.Kf2 Kf7 33.Ba4 Re3 34.Bd7 Rxe5 35.Bxe6+ Kxe6 36.Rd4 Rc5
37.g3 Ke5 38.Rd7 Rb5 39.gxf4+ gxf4 40.Re7+ Kf5 41.Rf7+ Kg5 42.h4+ Kg4 43.Rg7+ Kxh4
44.Rxh7+ Kg4 45.Rg7+ Kf5 46.Rf7+ Ke4 47.Re7+ Kd3 48.Rd7+ Kc2 49.Rd4 Rxb2
50.Rxf4 Kd3+  0-1

[Event "30th Liechtenstein Open 2012"]
[Site "Triesen LIE"]
[Date "2012.05.11"]
[Round "1.5"]
[White "Farago,I"]
[Black "Heinrici,Simon"]
[Result "1-0"]
[WhiteElo "2500"]
[BlackElo "1950"]

1.d4 d5 2.c4 e6 3.Nf3 Nf6 4.Nc3 Be7 5.Bf4 c6 6.e3 O-O 7.Qc2 h6 8.h3 Bd6 9.Ne5 dxc4
10.Bxc4 Nd5 11.Bh2 Nxc3 12.bxc3 Bc7 13.O-O Bxe5 14.Bxe5 Nd7 15.Bg3 Qe7 16.f4 b6
17.e4 Bb7 18.Rad1 b5 19.Bd3 Nb6 20.f5 exf5 21.Rxf5 f6 22.Re1 Rae8 23.e5 fxe5
24.Rfxe5 Qd8 25.Qb3+ Kh8 26.Bb1 Rxe5 27.dxe5 Qd2 28.e6 c5 29.Qc2 Qxc2 30.Bxc2 Nc8
31.Bg6 Rf6 32.Bf7 Bd5 33.Be5 Rf5 34.g4 Rxf7 35.exf7 Bxf7 36.Rd1  1-0

[Event "85th ch-St Petersburg"]
[Site "St Petersburg RUS"]
[Date "2012.05.13"]
[Round "9"]
[White "Fedoseev,Vl3"]
[Black "Rozum,I"]
[Result "1-0"]
[WhiteElo "2546"]
[BlackElo "2477"]

1.d4 d5 2.c4 e6 3.Nc3 Be7 4.Nf3 Nf6 5.Bf4 O-O 6.e3 Nbd7 7.g4 c5 8.g5 Nh5
9.Be5 Nxe5 10.dxe5 Bxg5 11.Rg1 Bh6 12.cxd5 exd5 13.Qxd5 Qxd5 14.Nxd5 Rd8
15.Ne7+ Kf8 16.Nxc8 Raxc8 17.Nd2 g6 18.Be2 Ng7 19.a4 Ne8 20.Nc4 Bg7 21.h4 f6
22.h5 fxe5 23.hxg6 hxg6 24.Rxg6 Rc7 25.a5 e4 26.Bd1 Bf6 27.Ba4 Rg7 28.Bxe8 Kxe8
29.Rxg7 Bxg7 30.Ke2 Rd3 31.Rg1 Kf8 32.Nd2 b5 33.Rg5 Bxb2 34.Rxc5 a6 35.Rc2 Be5
36.Nxe4 Ra3 37.Nc5 Bd6 38.Nxa6 Rxa5 39.Nc5 b4 40.Nb7 Ra6 41.Nxd6 Rxd6 42.Rc8+ Ke7
43.Rb8  1-0

[Event "30th Liechtenstein Open 2012"]
[Site "Triesen LIE"]
[Date "2012.05.19"]
[Round "9.8"]
[White "Froewis,G"]
[Black "Vucic,Ml"]
[Result "1-0"]
[WhiteElo "2363"]
[BlackElo "2336"]

1.Nf3 d5 2.d4 Nf6 3.c4 e6 4.Nc3 Be7 5.Bf4 O-O 6.e3 b6 7.Bd3 Bb7 8.O-O c5
9.dxc5 bxc5 10.Qe2 Nh5 11.cxd5 Nxf4 12.exf4 exd5 13.Rad1 d4 14.Ne4 a5 15.Rfe1 Nd7
16.Bc4 Nb6 17.Ned2 Bd6 18.Ne5 Qc7 19.Qg4 Rad8 20.Bd3 Rde8 21.Qh3 g6 22.Qg3 Re7
23.Ng4 Rxe1+ 24.Rxe1 Bxf4 25.Nf6+ Kh8 26.Qh4 h5 27.Nxh5 gxh5 28.Qxh5+ Kg7
29.Qh7+ Kf6 30.Qh4+ Bg5 31.Ne4+ Bxe4 32.Qxe4 Rh8 33.Qf5+ Kg7 34.Qxg5+ Kf8
35.g3 Qd6 36.Bb5  1-0

[Event "Salento Open 2012"]
[Site "Gallipoli ITA"]
[Date "2012.05.20"]
[Round "2"]
[White "Malakhatko,V"]
[Black "Bellia,F"]
[Result "1/2-1/2"]
[WhiteElo "2526"]
[BlackElo "2425"]

1.d4 d5 2.c4 e6 3.Nf3 Nf6 4.Nc3 Be7 5.Bf4 O-O 6.e3 b6 7.cxd5 Nxd5 8.Nxd5 exd5
9.Bd3 c5 10.O-O c4 11.Bc2 Nc6 12.Ne5 Nxe5 13.Bxe5 Be6 14.Qh5 g6 15.Qh6 f6
16.Bxg6 hxg6 17.Qxg6+ Kh8 18.Qh6+ Kg8  1/2-1/2

[Event "TCh-HUN 2011-12"]
[Site "Nagykanizsa HUN"]
[Date "2012.05.20"]
[Round "11"]
[White "Farago,I"]
[Black "Polyak,I1"]
[Result "1-0"]
[WhiteElo "2488"]
[BlackElo "2131"]

1.d4 d5 2.c4 e6 3.Nf3 Nf6 4.Nc3 Be7 5.Bf4 O-O 6.e3 c6 7.a3 dxc4 8.Bxc4 Nd5
9.Bg3 Nd7 10.O-O N7f6 11.Qc2 Nxc3 12.bxc3 c5 13.Rfd1 cxd4 14.cxd4 Bd7 15.Ne5 Qa5
16.Nxd7 Nxd7 17.Rdb1 Rac8 18.Qa2 Nb6 19.Bxe6 Rc3 20.Bb3 Qf5 21.a4 Rfc8 22.a5 Nc4
23.Rc1 Qxa5 24.Rxc3 Qxc3 25.h3 a6 26.Rb1 Bb4 27.Qa4 a5 28.Qd7 Rf8 29.Bxc4 Qxc4
30.Qxb7 Qc2 31.Rf1 h6 32.d5 Qd2 33.Qc6 Rd8 34.e4 Qc3 35.Qb6 Be7 36.d6  1-0

[Event "Asian Nations Chess Cup w"]
[Site "Zaozhuang CHN"]
[Date "2012.05.20"]
[Round "4"]
[White "Zhao Xue"]
[Black "Pourkashiyan,A"]
[Result "1-0"]
[WhiteElo "2549"]
[BlackElo "2336"]

1.d4 Nf6 2.c4 e6 3.Nf3 d5 4.Nc3 Be7 5.Bf4 O-O 6.e3 Nbd7 7.Be2 dxc4 8.O-O c5
9.Bxc4 a6 10.Ne5 cxd4 11.exd4 Nb6 12.Bb3 Nbd5 13.Bg5 Nxc3 14.bxc3 Nd7 15.Bxe7 Qxe7
16.f4 Nxe5 17.fxe5 b5 18.Qh5 Bb7 19.Rf4 Rac8 20.Rh4 h6 21.Rg4 Kh8 22.Rf1 f6
23.Qh4 Rf7 24.exf6 Rxf6 25.Rxf6 Qxf6 26.Qxf6 gxf6 27.Bxe6 Rxc3 28.d5 Rd3
29.Rg8+ Kh7 30.Rd8 Kg6 31.Kf2 b4 32.Ke2 Rd4 33.Ke3 Rd1 34.g4 a5 35.h4 Ba6
36.Ra8 Bc4 37.Rxa5 Rd3+ 38.Ke4 Ra3 39.Rc5 Bxa2 40.Rb5 b3 41.d6 Ra4+ 42.Ke3 f5
43.Bxf5+ Kf6 44.Rb8 b2 45.d7 Ra3+ 46.Ke4  1-0

[Event "4th Limpedea Cup"]
[Site "Baia Sprie ROU"]
[Date "2012.05.23"]
[Round "4.6"]
[White "Manolache,M"]
[Black "Papp,Ga"]
[Result "1-0"]
[WhiteElo "2545"]
[BlackElo "2552"]

1.d4 d5 2.c4 e6 3.Nc3 Be7 4.Nf3 Nf6 5.Bf4 O-O 6.Qc2 c5 7.dxc5 Na6 8.e3 Nxc5
9.Be2 dxc4 10.Bxc4 a6 11.Rd1 Qa5 12.Rd4 b5 13.b4 Qxb4 14.Bxb5 Qa5 15.Bc6 Bb7
16.Ne5 Qb6 17.Bxb7 Qxb7 18.O-O Rac8 19.Rb1 Qa7 20.Qd1 Rfe8 21.h3 Bf8 22.Qf3 Qa8
23.Qxa8 Rxa8 24.g4 Red8 25.Rbd1 Rxd4 26.Rxd4 Rc8 27.Rc4 Rd8 28.e4 Nd3 29.Nxd3 Rxd3
30.Rc8 Nd7 31.Be3 f5 32.exf5 exf5 33.gxf5 Kf7 34.Ne4 h6 35.Rc7 Ke8 36.Rc8+ Kf7
37.Rc7 Ke8 38.Kg2 Ra3 39.Rc8+ Kf7 40.Rc7 Ke8 41.f6 gxf6 42.Nxf6+ Nxf6 43.Rc8+ Kf7
44.Rxf8+ Kg6 45.Rc8 Rxa2 46.Rc6 Kf5 47.Bxh6 a5 48.Bg7 Nd5 49.Kg3 a4 50.h4 Rd2
51.h5 Rd1 52.h6 Rg1+ 53.Kf3 Rh1 54.Rc5 Ke6 55.Ra5 a3 56.Kg2 Rh5 57.Rxa3 Kf5
58.Kg3 Kg6 59.Ra6+ Kh7 60.Ra7 Rh1 61.Rd7 Nb6 62.Rd8 Nc4 63.Kg4 Rh2 64.Kg3 Rh1
65.Kf4 Rh2 66.f3 Nd2 67.Kf5 Rh5+ 68.Kf6 Nxf3  1-0

[Event "Asian Nations Chess Cup w"]
[Site "Zaozhuang CHN"]
[Date "2012.05.23"]
[Round "6.3"]
[White "Sachdev,T"]
[Black "Ghader Pour,S"]
[Result "1/2-1/2"]
[WhiteElo "2417"]
[BlackElo "2241"]

1.d4 Nf6 2.c4 e6 3.Nf3 d5 4.Nc3 Be7 5.Bf4 O-O 6.e3 b6 7.cxd5 Nxd5 8.Nxd5 Qxd5
9.a3 c5 10.Be2 Bb7 11.dxc5 Qxc5 12.O-O Rd8 13.Qb1 Nc6 14.b4 Qf5 15.Qxf5 exf5
16.Rac1 Rac8 17.Rfd1 a6 18.Nd2 b5 19.Nb3 Rxd1+ 20.Rxd1 Rd8 21.Rc1 Rc8 22.Rd1 Rd8
23.Rc1 Rc8 24.Rd1  1/2-1/2

[Event "4th GM POL-UKR Match"]
[Site "Lublin POL"]
[Date "2012.05.24"]
[Round "1"]
[White "Korobov,A"]
[Black "Macieja,B"]
[Result "0-1"]
[WhiteElo "2678"]
[BlackElo "2614"]

1.d4 Nf6 2.c4 e6 3.Nc3 d5 4.Nf3 Be7 5.Bf4 O-O 6.e3 Nbd7 7.cxd5 Nxd5 8.Bg3 c5
9.Bd3 cxd4 10.exd4 N7f6 11.O-O b6 12.Qe2 Bb7 13.Rac1 Rc8 14.Ne5 Nxc3 15.bxc3 Qd5
16.Nf3 Ne4 17.c4 Nxg3 18.hxg3 Qd6 19.Rfd1 Rfd8 20.Be4 Bxe4 21.Qxe4 Bf6 22.g4 h6
23.Qe3 Qe7 24.Rc2 Rc7 25.Qb3 Qd7 26.Rdd2 Rdc8 27.a4 Qc6 28.Re2 Qd6 29.Re4 Qc6
30.Ree2 Qd6 31.Re4 Rc6 32.a5 Qc7 33.axb6 axb6 34.Re3 Qf4 35.g5 hxg5 36.Qd3 g4
37.Ne5 Rd6 38.Re4 Qf5 39.Qe2 Rcd8 40.Rd2 g3 41.fxg3 Bxe5 42.Rxe5 Rxd4 43.Rxf5 Rxd2
44.Qe3 exf5 45.Qxb6 Rc8 46.Qa6 Rdd8 47.Kh2 Rc5 48.g4 fxg4 49.Kg3 Rdc8 50.Kxg4 Rxc4+
51.Kg3 R4c6 52.Qb7 Rg6+ 53.Kh2 Rh6+ 54.Kg1 Rc1+ 55.Kf2 Rf6+ 56.Kg3 Rh1 57.Qb8+ Kh7
58.Qe5 Re6 59.Qc7 Rh5 60.Kf2 Rg5 61.Kg1 Re1+ 62.Kf2 Re6 63.Kg1 Rf6 64.Qh2+ Kg6
65.Qc7 Ra6 66.Qc2+ Kh6 67.Qc3 Rd6 68.Qh3+ Kg6 69.Qb3 Rd2 70.Kh1 Rd6 71.Kg1 Rgd5
72.Qc2+ Kh6 73.Kh2 Rd3 74.Qc4 Kh7 75.Qe4+ g6 76.Qf4 Kg8 77.Qe5 R6d5 78.Qe2 Rd1
79.Qe8+ Kg7 80.Qe3 Rh5+ 81.Kg3 Rf1 82.Qd2 Kh7 83.Qe3 Rff5 84.Qe7 Kg7 85.Qd8 Rfg5+
86.Kf2 Rd5 87.Qc7 Rhf5+ 88.Kg1 Rd1+ 89.Kh2 Rh5+ 90.Kg3 Rd3+ 91.Kf2 Rg5 92.Kg1 Rd1+
93.Kh2 Rf1 94.Qc3+ Kh7 95.Qc7 Rf2 96.Kh1 Rgxg2 97.Qc4 Rh2+ 98.Kg1 Rhg2+ 99.Kh1 Rg5  0-1

[Event "50th ch-IND Challengers 2012"]
[Site "Tirupati IND"]
[Date "2012.05.25"]
[Round "10.17"]
[White "Shetty,R"]
[Black "Karthikeyan,M2"]
[Result "1-0"]
[WhiteElo "2242"]
[BlackElo "2329"]

1.Nf3 d5 2.c4 e6 3.d4 Nf6 4.Nc3 Be7 5.Bf4 O-O 6.e3 c5 7.cxd5 Nxd5 8.Bg3 cxd4
9.exd4 Bb4 10.Qd2 Nc6 11.Bd3 f5 12.O-O Qa5 13.Rac1 f4 14.Bh4 h6 15.Qe2 Bxc3
16.Qe4 Rf5 17.bxc3 g5 18.Qe2 Nde7 19.Bxf5 Qxf5 20.Bg3 Bd7 21.h3 fxg3 22.fxg3 Qg6
23.Nd2 Nd5 24.Ne4 b5 25.Nc5 Qg7 26.Qxb5 Rd8 27.Nxd7 Qxd7 28.Qd3 Qg7 29.Rce1 Nc7
30.Qc4 Rd6 31.Rf2 Nd8 32.Ref1 Rc6 33.Qb4 Kh7 34.Rf8 Qd7 35.Qb1+  1-0

[Event "Albena Masters Open 2012"]
[Site "Albena BUL"]
[Date "2012.05.26"]
[Round "1.15"]
[White "Grigorov,G"]
[Black "Siclovan,C"]
[Result "1-0"]
[WhiteElo "2496"]
[BlackElo "2180"]

1.d4 e6 2.c4 d5 3.Nf3 Nf6 4.Nc3 Be7 5.Bf4 O-O 6.e3 c6 7.Rc1 Nbd7 8.h3 Qa5
9.Nd2 Ne4 10.Ndxe4 dxe4 11.Qa4 Qxa4 12.Nxa4 f5 13.g4 g5 14.Bc7 Nf6 15.Rg1 h6
16.Nc3 Bd7 17.Be2 Kh7 18.f3 exf3 19.Bxf3 Be8 20.Ke2 Rc8 21.Be5 Bg6 22.a3 Nd7
23.Bh2 Nb6 24.c5 Nd5 25.gxf5 Bxf5 26.e4 Nxc3+ 27.Rxc3 Bxh3 28.Bh5 g4 29.Rb3 Bf6
30.Rxb7+ Kh8 31.Bxg4 Bxd4 32.Bxh3 Rf2+ 33.Kd3 Rd8 34.Bc7 Rf3+ 35.Kc4 Bxg1
36.Bxd8 Rxh3 37.Bf6+  1-0

[Event "21st Chicago Open"]
[Site "Wheeling USA"]
[Date "2012.05.26"]
[Round "4"]
[White "Kretchetov,A"]
[Black "Friedel,J"]
[Result "1/2-1/2"]
[WhiteElo "2339"]
[BlackElo "2499"]

1.Nf3 Nf6 2.c4 e6 3.Nc3 d5 4.d4 Be7 5.Bf4 O-O 6.e3 b6 7.Bd3 c5 8.O-O Nc6
9.Rc1 cxd4 10.exd4 Nb4 11.Be2 dxc4 12.Bxc4 Bb7 13.Ne5 Rc8 14.Re1 Nfd5 15.Nxd5 Nxd5
16.Bg3 Bg5 17.Rc2 Bh4 18.Qg4 Bxg3 19.hxg3 b5 20.Bb3 Rxc2 21.Bxc2 Nf6 22.Qh4 h6
23.a3 Qd5 24.f3 Rc8 25.Re2 a5 26.Kh2 b4 27.axb4 axb4 28.Qf4 b3 29.Be4 Qb5
30.Bd3 Qb4 31.Rd2 Bd5 32.Rd1 Qd6 33.Rc1 Rc7 34.Ra1 Qd8 35.Ra3 Nh5 36.Qe3 Qg5
37.f4 Qd8 38.Ng4 Nf6 39.Nxf6+ Qxf6 40.Be4 Rd7 41.Bxd5 Rxd5 42.Rxb3  1/2-1/2

[Event "21st Chicago Open"]
[Site "Wheeling USA"]
[Date "2012.05.26"]
[Round "5"]
[White "Sargissian,G"]
[Black "Hess,Ro"]
[Result "1/2-1/2"]
[WhiteElo "2679"]
[BlackElo "2635"]

1.d4 d5 2.c4 e6 3.Nf3 Nf6 4.Nc3 Be7 5.Bf4 O-O 6.e3 Nbd7 7.Be2 dxc4 8.O-O c5
9.dxc5 Bxc5 10.Bxc4 a6 11.Bd3 b5 12.e4 Nh5 13.Bg5 Be7 14.Bxe7 Qxe7 15.e5 Nc5
16.Ne4 Nxd3 17.Qxd3 Nf4 18.Qd6 Qa7 19.Qd2 Ng6 20.Rfe1 Qe7 21.Nd6 Bb7 22.Nxb7 Qxb7
23.Rad1 Rac8 24.b3 Rc5 25.h4  1/2-1/2

[Event "21st Chicago Open"]
[Site "Wheeling USA"]
[Date "2012.05.27"]
[Round "7"]
[White "Kretchetov,A"]
[Black "Williams,John M"]
[Result "1-0"]
[WhiteElo "2339"]
[BlackElo "2111"]

1.Nf3 Nf6 2.c4 e6 3.Nc3 d5 4.d4 Be7 5.Bf4 O-O 6.e3 b6 7.Bd3 Bb7 8.O-O c5
9.Qe2 Nc6 10.dxc5 bxc5 11.cxd5 exd5 12.Ba6 Qb6 13.Bxb7 Qxb7 14.Rfd1 Rfd8
15.Rac1 Rac8 16.b3 Qb4 17.Bg5 d4 18.Bxf6 Bxf6 19.Ne4 Be7 20.exd4 Nxd4 21.Nxd4 Rxd4
22.Rxd4 Qxd4 23.g3 Rc6 24.Rd1 Qe5 25.Qc4 h6 26.Nc3 Bf6 27.Nd5 Qe6 28.Kg2 Bd4
29.Rxd4 cxd4 30.Ne7+ Qxe7 31.Qxc6 d3 32.Qc8+ Kh7 33.Qf5+ Kg8 34.Qxd3 Qa3
35.Qe2 g6 36.h4 h5 37.Kf3 Qc5 38.Qe8+ Kg7 39.Qe4 Qc3+ 40.Qe3 Qc6+ 41.Kf4 Qf6+
42.Ke4 Qf5+ 43.Kd4 Qc2 44.a4 a6 45.Kd5 Kg8 46.Kd6 Kg7 47.a5 Qc8 48.Qb6 Kf8
49.Qc5 Qb8+ 50.Kc6+ Kg8 51.b4  1-0

[Event "Albena Masters Open 2012"]
[Site "Albena BUL"]
[Date "2012.05.28"]
[Round "3.14"]
[White "Grigorov,G"]
[Black "Ji Dan"]
[Result "1/2-1/2"]
[WhiteElo "2496"]
[BlackElo "2326"]

1.d4 Nf6 2.c4 e6 3.Nf3 d5 4.Nc3 Be7 5.Bf4 O-O 6.e3 c5 7.dxc5 Bxc5 8.cxd5 Nxd5
9.Nxd5 exd5 10.a3 Nc6 11.Bd3 Bb6 12.O-O d4 13.e4 Bg4 14.h3 Qf6 15.hxg4 Qxf4
16.Nh2 Rac8 17.g3 Qd6 18.Kg2 Ne5 19.f4 Nc4 20.Bxc4 Rxc4 21.Qd3 Qc6 22.Rf2 Rc8
23.Rd1 Rc2 24.Rdd2 Rxd2 25.Rxd2 Ba5 26.b4 Bb6 27.Nf3 Qc1 28.e5 Rc3 29.Qb5 Kf8
30.Qd7 Rxf3 31.Kxf3 Qxd2 32.Qc8+ Ke7 33.Qxb7+  1/2-1/2

[Event "6th ENCI Limburg Open 2012"]
[Site "Limburg NED"]
[Date "2012.05.28"]
[Round "6.5"]
[White "Fier,A"]
[Black "Kirkebo,C"]
[Result "1-0"]
[WhiteElo "2596"]
[BlackElo "2176"]

1.d4 d5 2.c4 e6 3.Nf3 Nf6 4.Nc3 Be7 5.Bf4 O-O 6.e3 Nbd7 7.cxd5 Nxd5 8.Nxd5 exd5
9.Bd3 c5 10.O-O c4 11.Bc2 b5 12.e4 Nf6 13.e5 Nh5 14.Be3 g6 15.b3 a5 16.Ne1 f5
17.exf6 Bxf6 18.g4 Ng7 19.f4 Ra7 20.Ng2 Qb6 21.bxc4 dxc4 22.d5 Qa6 23.Rb1 Rd7
24.f5 gxf5 25.gxf5 Re8 26.Qf3 Bb7 27.Rbd1 Qd6 28.Nf4 Qa3 29.Bd4 Bxd4+ 30.Rxd4 Qc5
31.Qf2 Rf8 32.h4 Rdf7 33.Kh2 Nxf5 34.Bxf5 Rxf5 35.Qg3+ Kh8 36.Ne6 Qxd4 37.Rxf5 Qb2+
38.Kh3 Re8 39.Qf3 Rg8 40.Rf8 h6 41.Rxg8+ Kxg8 42.Qf8+ Kh7 43.Qe7+ Kg8 44.Qd8+ Kh7
45.Qc7+ Kg6 46.h5+ Kf5 47.Qf4+  1-0

[Event "TCh-FRA Top 12 2012"]
[Site "Belfort FRA"]
[Date "2012.05.31"]
[Round "1.6"]
[White "Relange,E"]
[Black "Colovic,A"]
[Result "1/2-1/2"]
[WhiteElo "2472"]
[BlackElo "2433"]

1.c4 e6 2.d4 d5 3.Nf3 Nf6 4.Nc3 Be7 5.Bf4 O-O 6.e3 b6 7.Bd3 c5 8.O-O Bb7
9.Qe2 cxd4 10.Nxd4 Nbd7 11.Bg3 Nc5 12.Bc2 dxc4 13.Rfd1 Nd5 14.Qxc4  1/2-1/2

[Event "Mitropa Cup w 2012"]
[Site "Sibenik CRO"]
[Date "2012.06.01"]
[Round "2"]
[White "Medic,Mir"]
[Black "Schnegg,A"]
[Result "0-1"]
[WhiteElo "2241"]
[BlackElo "2084"]

1.d4 d5 2.c4 e6 3.Nc3 Be7 4.Nf3 Nf6 5.Bf4 O-O 6.e3 Nbd7 7.Qc2 c5 8.dxc5 Nxc5
9.Be2 Nfe4 10.O-O Bf6 11.Nb5 Bd7 12.Rac1 Bxb5 13.cxb5 Rc8 14.Be5 Bxe5 15.Nxe5 Qa5
16.f3 Nd6 17.Qc3 Qb6 18.b4 Nce4 19.Qd3 Nf6 20.a4 Nf5 21.Kf2 Qd6 22.Ng4 Qxb4
23.Nxf6+ gxf6 24.g4 Nd6 25.Qd4 Qxd4 26.exd4 Rxc1 27.Rxc1 Rc8 28.Rc5 b6 29.Rxc8+ Nxc8
30.f4 Nd6 31.Bd3 Kg7 32.h4 h5 33.gxh5 Kh6 34.Kg3 Kxh5 35.Be2+ Kg6 36.Bd3+ Kh6
37.Bc2 Nc4 38.Bd3 Nd2 39.Bc2 Nc4 40.Bd3 Nd6 41.Bc2 f5 42.Bd1 Ne4+ 43.Kf3 Kh5
44.Bc2 Kxh4 45.Bd1 Kh5 46.Ke3+ Kg6 47.Bc2 Kf6 48.Bd1 Ke7 49.Bc2 Kd6 50.Bd1 f6
51.Bc2 e5 52.Bb3 Ke6 53.Bd1 Nd6 54.Bc2 Ne8 55.Bb3 Ng7 56.Bd1 Kd6 57.Bc2 Ne6
58.Bxf5 Nxd4 59.Bd3 Ne6  0-1